Desarrollo terrirorial colaborativo: Descentralizando poder, competencias y recursos.

Guardat en:
Dades bibliogràfiques
Altres autors: Baer, Heinrich Von (Editor), Bravo R., Nicolas (Editor)
Format: Llibre
Publicat: Temuco, Chile: Ediciones Universidad de la Frontera, 2019.
Matèries:
Etiquetes: Afegir etiqueta
Sense etiquetes, Sigues el primer a etiquetar aquest registre!

MARC

LEADER 00000nam a22000007a 4500
003 CL-VaPUC
005 20230908152101.0
008 200110t2019 ||||| |||| 00| 0 eng d
999 |c 376498  |d 376496 
020 |a 978-956-236-373-0 
040 |c Pontificia Universidad Católica de Valparaíso 
082 |a 338.983 BAE 2019 
100 1 |a Baer, Heinrich Von  |9 605713  |e editor 
245 |a Desarrollo terrirorial colaborativo: Descentralizando poder, competencias y recursos. 
260 |a Temuco, Chile:  |b Ediciones Universidad de la Frontera,  |c 2019. 
300 |a 831 páginas. 
500 |a c. 2 Donación Rectoria 2022 
583 |c 20200110  |k Valeria Valenzuela 
650 0 0 |a Gestión pública  |9 388888 
650 0 0 |a Ordenamiento territorial  |9 469387 
650 0 0 |a Políticas públicas  |9 309677 
650 0 0 |a Desarrollo regional  |9 354599 
700 0 |a Bravo R., Nicolas  |9 514081  |e editor 
942 |2 ddc  |c BK 
952 |0 0  |1 0  |2 ddc  |4 0  |6 338_983000000000000_BAE_2019  |7 0  |9 495975  |a BIBING  |b BIBING  |c GEN  |d 2020-01-10  |i 5614953  |l 1  |o 338.983 BAE 2019  |p 5614953  |r 2025-04-02  |s 2025-03-26  |t 1  |w 2020-01-10  |y BK  |k ING 
952 |0 0  |1 0  |2 ddc  |4 0  |6 338_983000000000000_BAE_2019  |7 0  |8 A  |9 591475  |a BIBDER  |b BIBDER  |d 2023-09-08  |e Donación  |i 5658595  |o 338.983 BAE 2019  |p 5658595  |r 2023-09-08  |t 2  |w 2023-09-08  |y BK  |k DER